Soil guide: a handbook for understanding and managing agricultural soils (Record no. 50753)

MARC details
000 -LEADER
fixed length control field 00462nam a22001457a 4500
003 - CONTROL NUMBER IDENTIFIER
control field OSt
008 - FIXED-LENGTH DATA ELEMENTS--GENERAL INFORMATION
fixed length control field 260522b |||||||| |||| 00| 0 eng d
020 ## - INTERNATIONAL STANDARD BOOK NUMBER
International Standard Book Number 9789383692880
082 ## - DEWEY DECIMAL CLASSIFICATION NUMBER
Classification number 631.49941
Item number M82S
245 ## - TITLE STATEMENT
Title Soil guide: a handbook for understanding and managing agricultural soils
260 ## - PUBLICATION, DISTRIBUTION, ETC. (IMPRINT)
Place of publication, distribution, etc Jodhpur :
Name of publisher, distributor, etc United Book Prints,
Date of publication, distribution, etc 2023.
650 ## - SUBJECT ADDED ENTRY--TOPICAL TERM
Topical term or geographic name as entry element Soils | Soil management | Western Australia | Crops and soils
700 ## - ADDED ENTRY--PERSONAL NAME
Personal name Moore, Geoff
942 ## - ADDED ENTRY ELEMENTS (KOHA)
Source of classification or shelving scheme
Koha item type Books
Holdings
Withdrawn status Lost status Source of classification or shelving scheme Damaged status Not for loan Home library Current library Shelving location Date acquired Source of acquisition Cost, normal purchase price Full call number Barcode Date last seen Bill Date Koha item type Bill Number
          Dr. Rajendra Prasad Central Agricultural University Pusa, Dr. Rajendra Prasad Central Agricultural University Pusa, General Stacks 22/05/2026 Scientific Publishers (India) 3650.00 631.49941 M82S 88044 22/05/2026 01/02/2026 Books Invoice/SPI/25-26/425
          Dr. Rajendra Prasad Central Agricultural University Pusa, Dr. Rajendra Prasad Central Agricultural University Pusa, General Stacks 22/05/2026 Scientific Publishers (India) 3650.00 631.49941 M82S 88045 22/05/2026 01/02/2026 Books Invoice/SPI/25-26/425
Hosted, Implemented, Customized & Maintained by: BestBookBuddies

Powered by Koha